Chính phủ Việt Nam (tư liệu)

שמור ב:
מידע ביבליוגרפי
פורמט: ספר
שפה:Vietnamese
יצא לאור: Thông Tấn : VNA publishing house 2004
תגים: הוספת תג
אין תגיות, היה/י הראשונ/ה לתייג את הרשומה!
Thư viện lưu trữ: Mạng thư viện Đại học Đà Nẵng
LEADER 00672nam a2200253 4500
001 000020703
003 17150
005 20150604160601.0
008 150325s2004 viesd
020 |c 285000 
041 0 |a vie 
082 1 4 |a 351.597  |b Ch-P 
245 1 0 |a Chính phủ Việt Nam (tư liệu) 
246 |a The Vietnamese government 1945-2003 : (facts and figures). 
260 |b Thông Tấn : VNA publishing house  |c 2004 
300 |a tr.  |c cm. 
OWN |a LSP 
999 |a From the UDN01 
TYP |a Monograph 
TYP |a Printed language 
980 |a Mạng thư viện Đại học Đà Nẵng